| 000 | 00849nam a2200241 a 4500 | ||
|---|---|---|---|
| 999 |
_c10629 _d10629 |
||
| 001 | 10629 | ||
| 003 | BD-JhCC | ||
| 005 | 20211111134021.0 | ||
| 008 | 180730s2018 bg |||| |||| 000 0 ben d | ||
| 020 | _a9843107071 | ||
| 035 | _a(BD-JhCC)10629 | ||
| 040 |
_aBD-JhCC _dBD-JhCC |
||
| 041 | _aBen | ||
| 082 |
_a297.63 _bMAB 2018 |
||
| 100 | _aমাবুদ, ড. মুহাম্মদ আবদুল. | ||
| 245 |
_aআসহাবে রাসূলের জীবনকথা / _cড. মুহাম্মদ আবদুল মাবুদ, |
||
| 260 |
_aঢাকা : _bবাংলাদেশ ইসলামিক সেন্টার, _c২০১৮. |
||
| 300 |
_a১-৬ খন্ড : _c২৫ সেমি. |
||
| 504 | _aIncludes bibliography | ||
| 600 | _aProhpet Mohammad | ||
| 650 | _aBiography | ||
| 942 |
_2ddc _cBK _020 |
||